| 000 | 01065njm a2200313Ia 4500 | ||
|---|---|---|---|
| 001 | 36704 | ||
| 003 | IT-RoPAU | ||
| 005 | 20220918181113.0 | ||
| 008 | 131025s9999 xx 000 0 und d | ||
| 040 | _aIT-RoPAU | ||
| 040 | _cIT-RoPAU | ||
| 041 | _aINGLESE | ||
| 999 |
_c99152 _d99152 |
||
| 999 | _bn.d. | ||
| 100 |
_aJagger Mick _916608 |
||
| 100 |
_eAutore musica _919236 |
||
| 100 |
_gCodice autore musica SPICS: 10121 _916610 |
||
| 245 | _aEmotional Rescue | ||
| 250 | _a1a ed. | ||
| 260 | _aMILANO | ||
| 260 |
_bEMI ITALIANA _c1980 [1a Ed.:1980 - Ed. Lingua Orig.: 1980] |
||
| 300 | _aDISCO | ||
| 300 | _c43 minuti (Testo: pag.) | ||
| 500 | _aMusica rock | ||
| 505 | _aDance - Summer Romance - Send It To Me - Let Me Go - Indian Girl - Where the Boys Go - Down In the Hole - Emotional Rescue - She's So Cold - All About You | ||
| 650 |
_aROCK [DISCHI] _eCodice MATERIA SPICS: 9950 _91088 |
||
| 700 |
_aRichards Keith _eAutore _gCodice autore SPICS: 27012 _919237 |
||
| 700 |
_aRolling Stones (The) _gCodice interprete SPICS: 11123 _eInterprete _919238 |
||
| 942 |
_cMD _2ddc |
||